Analysis of the Finite Element Method (Record no. 297956)

000 -LEADER
fixed length control field 00256 a2200109 4500
001 - CONTROL NUMBER
control field 62883
082 ## - DEWEY DECIMAL CLASSIFICATION NUMBER
Classification number 515.624STR
100 ## - MAIN ENTRY--PERSONAL NAME
Personal name Strang G
245 ## - TITLE STATEMENT
Title Analysis of the Finite Element Method
250 ## - EDITION STATEMENT
Edition statement 1
260 ## - PUBLICATION, DISTRIBUTION, ETC.
Place of publication, distribution, etc. NY
Name of publisher, distributor, etc. Dover Publications Inc
Date of publication, distribution, etc. 1977
942 ## - ADDED ENTRY ELEMENTS (KOHA)
Institution code [OBSOLETE] NUST-CAE
Call number prefix 515.624STR
Holdings
Withdrawn status Lost status Damaged status Not for loan Collection code Permanent Location Current Location Date acquired Total Checkouts Full call number Barcode Date last seen Price effective from Koha item type
          College of Aeronautical Engineering (CAE) College of Aeronautical Engineering (CAE) 04/03/2017   515.624STR CAEG-5275 04/05/2017 04/05/2017 Book
© 2023 Central Library, National University of Sciences and Technology. All Rights Reserved.